Khảo cổ học, tiền sử và sơ sử Thành phố Hồ Chí Minh

Zapisane w:
Opis bibliograficzny
1. autor: Đặng Văn Thắng...[et al.]
Format: Książka
Język:Undetermined
Wydane: Tp. HCM Trẻ 1998
Hasła przedmiotowe:
Etykiety: Dodaj etykietę
Nie ma etykietki, Dołącz pierwszą etykiete!
Thư viện lưu trữ: Trung tâm Học liệu Trường Đại học Cần Thơ
LEADER 00616nam a2200193Ia 4500
001 CTU_28894
008 210402s9999 xx 000 0 und d
020 |b 80.000đ 
082 |a 930.1 
082 |b Kh108 
100 |a Đặng Văn Thắng...[et al.] 
245 0 |a Khảo cổ học, tiền sử và sơ sử Thành phố Hồ Chí Minh 
245 0 |c Đặng Văn Thắng...[et al.] 
260 |a Tp. HCM 
260 |b Trẻ 
260 |c 1998 
650 |a archaeology - vietnam - ho chi minh city 
904 |i Minh, 990308 
980 |a Trung tâm Học liệu Trường Đại học Cần Thơ